| 000 | 00648nam a22001457a 4500 | ||
|---|---|---|---|
| 020 | _a978-1-7824-3983-7 | ||
| 082 |
_a823 _bROS/S |
||
| 100 | _aROSS, STEWART | ||
| 245 | _aSOLVE IT LIKE SHERLOCK | ||
| 260 |
_aLONDON _bMICHAEL O'MARA BOOKS LIMITED _c2018 |
||
| 300 | _a251 | ||
| 520 | _aThe premise of the book Solve It Like Sherlock: Test Your Powers Of Reasoning Against Those Of The World's Most Famous Detective is that you try and solve the case using deduction and logic like Sherlock would. You are not rushing against time here, you are only rushing against how long your interest will last. | ||
| 650 |
_aNOVEL _zUNITED KINGDOM |
||
| 942 | _cBK | ||
| 999 |
_c3885 _d3885 |
||